Normal view
MARC view
- CLINTON,DAVID
Entry Personal Name
001 - CONTROL NUMBER
- control field: 91588
003 - CONTROL NUMBER IDENTIFIER
- control field: NUST
005 - DATE AND TIME OF LATEST TRANSACTION
- control field: 20220516124832.0
008 - FIXED-LENGTH DATA ELEMENTS
- fixed length control field: 220516|| aca||aabn | a|a d
040 ## - CATALOGING SOURCE
- Original cataloging agency: NUST
- Transcribing agency: NUST
100 ## - HEADING--PERSONAL NAME
- Personal name: CLINTON,DAVID
670 ## - SOURCE DATA FOUND
- Source citation: Work cat.: (NUST): CLINTON,DAVID., UBUNTU LINUX BIBLE /, 2021.
